| 000 | 00727nam a2200277Ia 4500 | ||
|---|---|---|---|
| 008 | 190123s9999 xx 000 0 und d | ||
| 020 | _a9780531219157 | ||
| 050 | _bO876 2016 | ||
| 100 | _aOtfinoski, Steven | ||
| 245 | 0 | _aPower : | |
| 245 | 0 | _bwind, solar, and geothermal / | |
| 245 | 0 | _cby Steven Otfinoski. | |
| 260 | _aNew York, New York : | ||
| 260 | _bScholastic, | ||
| 260 | _c2016 | ||
| 300 | _a64 pages : | ||
| 300 | _bcolored illustrations ; | ||
| 300 | _c23cm. | ||
| 440 | _aCalling all innovators : a career for you. | ||
| 500 | _a1110L | ||
| 650 | _aEnergy industries -- | ||
| 650 | _aRenewable energy sources. | ||
| 650 | _xVocational guidance. | ||
| 700 | _aSeries. | ||
| 700 | _aTitle. | ||
| 999 |
_c361194 _d361194 |
||